Fundamentals of Robotics / (Record no. 612910)

000 -LEADER
fixed length control field 00346nam a22001337a 4500
020 ## - INTERNATIONAL STANDARD BOOK NUMBER
International Standard Book Number 9788184875775
040 ## - CATALOGING SOURCE
Transcribing agency NUST
082 ## - DEWEY DECIMAL CLASSIFICATION NUMBER
Classification number 629.892
Author Mark PRA
100 ## - MAIN ENTRY--PERSONAL NAME
Personal name Pratihar, D. K.
9 (RLIN) 127902
245 ## - TITLE STATEMENT
Title Fundamentals of Robotics /
Statement of responsibility, etc. D.K. Pratihar
260 ## - PUBLICATION, DISTRIBUTION, ETC.
Place of publication, distribution, etc. India :
Name of publisher, distributor, etc. Narosa Pub,
Date of publication, distribution, etc. 2017.
300 ## - PHYSICAL DESCRIPTION
Extent 181p. ;
Other physical details Paperback,
Dimensions 24cm.
942 ## - ADDED ENTRY ELEMENTS (KOHA)
Source of classification or shelving scheme
Koha item type Book
Holdings
Withdrawn status Lost status Source of classification or shelving scheme Damaged status Not for loan Permanent Location Current Location Shelving location Date acquired Total Checkouts Total Renewals Full call number Barcode Date last seen Date last checked out Price effective from Koha item type
          School of Mechanical & Manufacturing Engineering (SMME) School of Mechanical & Manufacturing Engineering (SMME) General Stacks 02/18/2025 1 3 629.892 PRA SMME-4649 03/17/2026 09/23/2025 02/18/2025 Book
© 2023 Central Library, National University of Sciences and Technology. All Rights Reserved.